| 000 | 01761nam a22002657a 4500 | ||
|---|---|---|---|
| 999 |
_c61262 _d61262 |
||
| 003 | Ge_BSU | ||
| 005 | 20240116165307.0 | ||
| 008 | 240116s2019 ge ||||| |||| 00| 0 geo d | ||
| 020 | _a9789941285493 | ||
| 041 | _ageo | ||
| 080 | _a553.98(075.8) ჯ-54 | ||
| 100 |
_aჯიქია, ნიაზ _921055 |
||
| 245 |
_aნავთობგაზსარეწაო გეოლოგია, ნავთობისა და გაზის საბადოების დამუშავების გეოლოგიური საფუძვლები : _b[სახელმძღვანელო] / _cნიაზ ჯიქია, ნათელა მაისურაძე, ქეთევან ქოიავა; რედაქტორი ლ. კვინიკაძე; საქართველოს ტექნიკური უნივერსიტეტი. |
||
| 264 |
_aთბილისი : _bტექნიკური უნივერსიტეტი, _c2019. |
||
| 300 |
_a314 გვ. : _bსურ. ; _c20 სმ. |
||
| 504 | _aბიბლიოგრაფია: გვ. 307-308. | ||
| 653 | _aნავთობის ძებნა-ძიება | ||
| 653 | _aგაზის ძებნა-ძიება | ||
| 653 | _aნავთობგაზსარეწაო გეოლოგია | ||
| 700 |
_aმაისურაძე, ნათელა _eავტორი _99334 |
||
| 700 |
_aქოიავა, ქეთევან _eავტორი _921056 |
||
| 700 |
_aკვინიკაძე, ლ. _99831 |
||
| 710 |
_a საქართველოს ტექნიკური უნივერსიტეტი. _921057 |
||
| 942 |
_2udc _cᲬᲘᲒᲜᲘ |
||